000
00318nam a22001337a 4500
008
260323b ||||| |||| 00| 0 eng d
020
_a
9789951057363
041
_a
eng
080
_a
821.111
100
_a
25
101
_a
Tregime
245
_a
Si u bënë kafshët siç janë sot
_c
Rudyard Kipling
942
_2
udc
_c
BK
999
_c
60916
_d
60916